REMEDIAL GRAMMAR AND COMPOSITION (Record no. 15247)
[ view plain ]
| 000 -LEADER | |
|---|---|
| fixed length control field | 00235nam a22001097a 4500 |
| 003 - CONTROL NUMBER IDENTIFIER | |
| control field | SGT |
| 082 ## - DEWEY DECIMAL CLASSIFICATION NUMBER | |
| Item number | LOH |
| 100 ## - MAIN ENTRY--PERSONAL NAME | |
| Personal name | LOHUMI, SHAMA |
| 245 ## - TITLE STATEMENT | |
| Title | REMEDIAL GRAMMAR AND COMPOSITION |
| 260 ## - PUBLICATION, DISTRIBUTION, ETC. (IMPRINT) | |
| Name of publisher, distributor, etc | S. VIKAS & COMPANY |
| Year of Publication | 2016 |
| 942 ## - ADDED ENTRY ELEMENTS (KOHA) | |
| Source of classification or shelving scheme | Dewey Decimal Classification |
| Koha item type | Books |
| Withdrawn status | Lost status | Source of classification or shelving scheme | Damaged status | Not for loan | Collection code | Home library | Current library | Shelving location | Date acquired | SGTU | Full call number | Accession No. (Barcode) | Date last seen | Bill Date | Koha item type |
|---|---|---|---|---|---|---|---|---|---|---|---|---|---|---|---|
| Dewey Decimal Classification | EDUCATION | SGT Engineering Library | SGT Engineering Library | Text Book | 20/02/2018 | SGTU | LOH | ED3328 | 20/02/2018 | 20/02/2018 | Books |